Score 0/58 Timer 10:00
2 Plays Today
% Correct
(A)TLANTA
80.6%
ARIZON(A)
73%
(B)AGHDAD
72.6%
MOLD(O)VA
70.3%
BE(I)JING
68.6%
VIETN(A)M
68.5%
URUG(U)AY
68.1%
COMO(R)OS
66.5%
TORO(N)TO
65.1%
E(N)GLAND
65%
DENMA(R)K
64.9%
GE(R)MANY
64.4%
MYAN(M)AR
60%
CARACA(S)
59.1%
LINCO(L)N
58.8%
BOL(I)VIA
58.7%
(S)EATTLE
58.3%
MA(D)ISON
58%
BAHRA(I)N
56.6%
(A)LBANIA
55%
LI(B)ERIA
53.9%
MON(T)ANA
53.8%
PHO(E)NIX
53.6%
FLORID(A)
53%
(L)EBANON
51.5%
V(I)LNIUS
50.2%
(A)NDORR(A)
48%
BELA(R)US
47.3%
LE(S)OTHO
46.9%
% Correct
ROMA(N)IA
46.8%
BAHAMA(S)
46.7%
BISHK(E)K
46.7%
A(U)GUSTA
45.4%
ORLAN(D)O
45.1%
SOMAL(I)A
44.5%
EST(O)NIA
44.4%
TIJ(U)ANA
44.3%
(A)USTRI(A)
44%
I(R)ELAND
43.7%
TALLIN(N)
43.4%
H(A)MBURG
42.5%
NA(M)I(B)IA
41.7%
KAM(P)ALA
41.3%
BU(R)U(N)DI
39.4%
CA(L)GARY
38.1%
SEN(E)GAL
36%
(T)HIMPHU
34%
B(U)FFALO
33.3%
NI(G)ERIA
32.7%
T(R)IPO(L)I
31.7%
ARMENIA
29.8%
(A)LGIERS
25.8%
NAIROB(I)
25.6%
S(T)LOU(I)S
24%
ALBERTA
20.6%
KARACH(I)
20.5%
COL(O)GNE
18.3%
S(T)LUCIA
17.4%
Remove Ads.
Support Sporcle.
Get the best of Sporcle when you Go Orange. This ad-free experience offers more features, more stats, and more fun while also helping to support Sporcle. Thank you for becoming a member.

You're not logged in!

Compare scores with friends on all Sporcle quizzes.
OR
Log In

Show Comments

Extras

Top Quizzes Today


Score Distribution

Your Account Isn't Verified!

In order to create a playlist on Sporcle, you need to verify the email address you used during registration. Go to your Sporcle Settings to finish the process.

Report this User

Report this user for behavior that violates our Community Guidelines.

Details: